000 00471nam a2200181 4500
005 20241023152122.0
010 _aENG-142347
020 _c200.00
035 _aEN-1258879
037 _bDBAD
082 _a181.499
245 _aThe General Report Of Ramakirshna Math and Ramakrishna Mission/
250 _aFirst
260 _c2014
300 _a238p.
_c22cm(pb)
700 _aM. Gangadhar Prasad
_973262
942 _2ddc
_cEN
_h181.499
_mGEN
_e2014
999 _c206642
_d206642